All Country Flags by First Letter - Statistics

General Stats
  • This quiz has been taken 308 times
    290 since last reset
  • The average score is 122 of 196
Answer Stats
Picture Answer % Correct
u
99%
u
96%
a
95%
c
93%
n
93%
f
92%
i
92%
i
92%
r
91%
b
90%
i
90%
j
90%
n
90%
s
90%
f
89%
g
89%
s
89%
c
88%
g
88%
n
88%
n
88%
s
88%
d
87%
b
86%
b
86%
c
86%
i
86%
i
86%
l
86%
a
85%
t
85%
v
85%
v
84%
g
83%
h
83%
i
83%
j
83%
m
83%
p
83%
s
83%
s
83%
s
83%
b
82%
b
82%
m
82%
t
82%
a
80%
d
80%
e
80%
k
80%
a
79%
p
79%
i
78%
m
78%
i
77%
k
77%
s
77%
u
77%
a
76%
b
76%
p
76%
m
75%
s
75%
i
74%
a
73%
n
73%
n
73%
u
73%
u
73%
c
72%
k
72%
m
72%
p
72%
t
72%
d
71%
m
71%
p
71%
p
71%
s
71%
v
71%
b
70%
m
70%
s
69%
e
68%
t
68%
y
68%
g
67%
m
67%
o
67%
s
67%
b
65%
c
65%
l
65%
p
65%
b
64%
b
64%
c
64%
c
64%
k
64%
n
64%
c
63%
j
63%
m
63%
t
63%
k
62%
l
62%
a
61%
c
61%
s
61%
t
61%
n
60%
s
60%
s
60%
s
60%
t
60%
m
59%
c
58%
l
58%
m
58%
r
58%
t
58%
t
58%
e
57%
g
57%
h
57%
l
57%
l
57%
n
57%
z
57%
b
55%
e
55%
h
55%
s
55%
c
54%
d
54%
r
54%
s
54%
v
54%
p
53%
c
52%
e
52%
e
52%
s
52%
s
52%
n
49%
e
48%
a
46%
m
46%
a
45%
b
44%
b
43%
b
41%
b
40%
s
40%
e
39%
r
39%
e
37%
g
37%
l
37%
c
36%
g
36%
m
36%
s
36%
t
36%
c
35%
g
35%
p
35%
b
34%
d
34%
a
33%
a
33%
b
33%
g
33%
m
33%
m
33%
s
33%
m
32%
s
32%
n
31%
u
31%
m
30%
m
30%
k
29%
u
29%
l
28%
q
27%
s
27%
g
26%
l
26%
s
26%
f
25%
z
25%
s
24%
c
23%
g
21%
t
21%
No matching quizzes found
Score Distribution
Percent of People with Each Score
Percentile by Number Answered
Your Score History
You have not taken this quiz since the last reset